000
00279nam a22001217a 4500
020
_a
9781851687039
082
_a
070.4
100
_a
Sarah Niblock
245
_a
Journalism a beginner,s guide
260
_a
England
_b
Oneworld publications
_c
2011
300
_a
160p
942
_c
BK
999
_c
2754
_d
2754